Chronic Food Insecurity Situation Overview in !0 Provinces 2016-2020,ស្ថានភាពអសន្តិសុខស្បៀងរុាំរ៉ៃនៅ ១០ខេត្ត ២០១៦-២០២០ (Record no. 22126)

000 -LEADER
fixed length control field 00431nam a22001097a 4500
040 ## - CATALOGING SOURCE
Transcribing agency rua
082 ## - DEWEY DECIMAL CLASSIFICATION NUMBER
Classification number KIN JUL 2016 C011 Or.
245 ## - TITLE STATEMENT
Title Chronic Food Insecurity Situation Overview in !0 Provinces 2016-2020,ស្ថានភាពអសន្តិសុខស្បៀងរុាំរ៉ៃនៅ ១០ខេត្ត ២០១៦-២០២០
260 ## - PUBLICATION, DISTRIBUTION, ETC. (IMPRINT)
Place of publication phnom penh
Name of publisher rua
Year of publication 2018
300 ## - PHYSICAL DESCRIPTION
Number of Pages 8p.
Other physical details ill.
Dimensions 29cm.
942 ## - ADDED ENTRY ELEMENTS (KOHA)
Koha item type ឯកសារស្រាវជ្រាវ
952 ## - LOCATION AND ITEM INFORMATION (KOHA)
Withdrawn status [LOCAL, KOHA] 0
952 ## - LOCATION AND ITEM INFORMATION (KOHA)
Withdrawn status [LOCAL, KOHA] 0
Holdings
Permanent Location Date acquired Koha item type Lost status Shelving location Barcode Current Location Full call number
Library Block C2023-11-07ឯកសារស្រាវជ្រាវ C011a073632Library Block CKIN JUL 2016 C011 Or.
Library Block C2023-11-07ឯកសារស្រាវជ្រាវ C011a073620Library Block CKIN JUL 2016 C011 Or.
មជ្ឈមណ្ឌលឯការនៃសាកលវិទ្យាល័យភូមិន្ទកសិកម្មចំការដូង

Powered by Koha